000 00565nam a22001817a 4500
999 _c192142
_d192142
005 20220912155449.0
010 _aENG-135027
020 _a9780199452804
_c580.00
035 _aEN-118559
037 _bDBAD/PUB
082 _a621.3825
100 _aMutagi, R.N.
245 _aSatellite Communication:
_bPrinciples and Applications/
_cR.N. Mutagi
260 _aNew Delhi
_bOxford University Press
_c2016
270 _aYMCA Library Building, 1 Jai Singh Road
_bNew Delhi
_e110001
300 _a585p.
_c24cm(pbk)
942 _2ddc
_cEN
_h621.3825
_mMUT